Datum a čas kvízu
25
Celkem bodů
Celkový počet nahraných bodů na tomto kvízu bez doplňovacích otázek.
5.
Pořadí na kvízu
Konečné umístění týmu na tomto kvízu.
Zaznamenané odpovědi
| # | Otázka | Odpověď | Body | Výsledky |
|---|---|---|---|---|
| 1. | V sobotu začal na pražském Výs... | Matějská pouť | 1 | |
| 2. | Stoletá Hilda West z pečovatel... | A) se nechala tetovat | 0 | |
| 3. | Minulý týden jsme se dozvěděli... | Post Malone | 0 | |
| 4. | Vedení sítě provozoven jistého... | KFC | 1 | |
| 5. | V české fotbalové reprezentaci... | Buffon | 1 | |
| 6. | Nyní se od aktualit přesuneme... | 1D 2C 3B 4A | 0 | |
| 7. | Uveďte odborný název pro skupi... | ichtyosauři | 1 | |
| 8. | Většina fosilií dinosaurů byla... | Burianosaurus augustai | 0.5 | |
| 9. | Americký spisovatel a scenáris... | Michael Crichton | 0 | |
| 10. | Na fotce vidíme mumii a rekons... | Ötzi | 1 |